Statistics for Characters by Screen Time in a Random Star Wars Movie

Click here to take the quiz!

General Stats

  • This quiz has been taken 668 times
  • The average score is 8 of 10

Answer Stats

MovieMinutesCharacters% Correct
Revenge of the Sith52:45Anakin Skywalker
100%
The Clone Wars25:00Anakin Skywalker
100%
The Phantom Menace23:30Anakin Skywalker
100%
Return of The Jedi14:45Darth Vader
100%
The Rise of Skywalker24:45Finn
100%
The Force Awakens31:45Finn
100%
Solo: A Star Wars Story55:30Han Solo
100%
The Rise of Skywalker20:30Kylo Ren
100%
The Force Awakens19:00Kylo Ren
100%
The Last Jedi8:45Leia Organa
100%
Empire Strikes Back22:45Leia Organa
100%
A New Hope13:30Leia Organa
100%
Return of The Jedi34:15Luke Skywalker
100%
The Last Jedi21:15Luke Skywalker
100%
Empire Strikes Back34:45Luke Skywalker
100%
A New Hope37:30Luke Skywalker
100%
The Clone Wars14:15Obi-Wan Kenobi
100%
Revenge of the Sith37:15Obi-Wan Kenobi
100%
Attack of The Clones34:00Obi-Wan Kenobi
100%
Revenge of the Sith18:15Padme Amidala
100%
The Force Awakens8:45Poe Dameron
100%
The Force Awakens43:00Rey Skywalker
100%
The Rise of Skywalker55:45Rey Skywalker
100%
Revenge of the Sith11:45Yoda
100%
Attack of The Clones9:45Yoda
100%
The Phantom Menace21:15Obi-Wan Kenobi
96%
The Phantom Menace21:30Padme Amidala
96%
Empire Strikes Back13:15Darth Vader
94%
Return of The Jedi17:45Han Solo
94%
Empire Strikes Back23:30Han Solo
94%
The Force Awakens6:15Leia Organa
94%
Return of The Jedi21:15Leia Organa
94%
Revenge of the Sith5:15Mace Windu
94%
The Rise of Skywalker25:45Poe Dameron
94%
Return of The Jedi7:15R2-D2
94%
Revenge of the Sith24:45Sheev Palpatine
94%
Empire Strikes Back12:30Yoda
94%
The Phantom Menace35:30Qui-Gon Jinn
93%
Attack of The Clones48:00Anakin Skywalker
92%
A New Hope11:00Chewbacca
92%
Attack of The Clones9:30Count Dooku
92%
A New Hope9:15Darth Vader
92%
A New Hope19:30Han Solo
92%
Attack of The Clones7:00Mace Windu
92%
A New Hope17:30Obi-Wan Kenobi
92%
Empire Strikes Back16:30Chewbacca
89%
The Last Jedi15:15Kylo Ren
89%
Empire Strikes Back9:15Lando Calrissian
89%
The Last Jedi12:15Poe Dameron
89%
The Last Jedi30:15Rey Skywalker
89%
Return of The Jedi13:30C-3PO
88%
Solo: A Star Wars Story21:30Chewbacca
88%
Return of The Jedi6:15Sheev Palpatine
88%
The Clone Wars7:00Count Dooku
87%
Attack of The Clones4:45Jango Fett
85%
The Phantom Menace17:45Jar Jar Binks
85%
Attack of The Clones32:15Padme Amidala
85%
A New Hope18:00R2-D2
85%
Rogue One: A Star Wars Story25:00Cassian Andor
83%
Rogue One: A Star Wars Story9:00Chirrut Îmwe
83%
Rogue One: A Star Wars Story36:00Jyn Erso
83%
Return of The Jedi10:30Chewbacca
82%
Return of The Jedi5:15Lando Calrissian
82%
The Rise of Skywalker6:00Sheev Palpatine
81%
The Clone Wars4:15Padmé Amidal
80%
Revenge of the Sith2:45C-3PO
78%
Empire Strikes Back14:30C-3PO
78%
The Phantom Menace6:00Darth Maul
78%
The Last Jedi17:30Finn
78%
Empire Strikes Back11:15R2-D2
78%
Revenge of the Sith5:00R2-D2
78%
The Phantom Menace7:15Sheev Palpatine
78%
A New Hope19:15C-3PO
77%
Attack of The Clones4:00Sheev Palpatine
77%
The Force Awakens10:45BB-8
76%
The Force Awakens20:30Han Solo
76%
Solo: A Star Wars Story12:00Lando Calrissian
75%
Solo: A Star Wars Story29:30Qi'ra
75%
The Clone Wars24:15Ahsoka Tano
73%
The Clone Wars8:00Rex
73%
The Force Awakens3:45General Hux
71%
The Rise of Skywalker6:30BB-8
69%
Revenge of the Sith6:00General Grievous
67%
The Phantom Menace7:15R2-D2
67%
The Last Jedi13:00Rose Tico
67%
Rogue One: A Star Wars Story4:45Saw Gerrera
67%
The Last Jedi4:45Snoke
67%
Return of The Jedi6:15Jabba The Hutt
65%
The Phantom Menace7:15Shmi Skywalker
63%
The Clone Wars5:30Asajj Ventress
60%
The Force Awakens8:30Chewbacca
59%
The Last Jedi5:30Amilyn Holdo
56%
A New Hope5:30Grand Moff Tarkin
54%
The Force Awakens4:00Maz Kanata
53%
The Rise of Skywalker10:45C-3PO
50%
The Rise of Skywalker9:15Chewbacca
50%
Rogue One: A Star Wars Story6:30Galen Erso
50%
Solo: A Star Wars Story7:15L3-37
50%
Rogue One: A Star Wars Story10:00Orso Krennic
50%
Solo: A Star Wars Story22:30Tobias Beckett
50%
The Clone Wars5:00Jabba The Hutt
47%
The Clone Wars7:00R2-D2
47%
Attack of The Clones5:15R2-D2
46%
The Last Jedi4:45BB-8
44%
The Phantom Menace7:30Captain Panaka
44%
Attack of The Clones4:15C-3PO
38%
Solo: A Star Wars Story7:30Dryden Vos
38%
Solo: A Star Wars Story3:00Rio Durant
38%
Solo: A Star Wars Story5:15Val
38%
Rogue One: A Star Wars Story8:30Baze Malbus
33%
Rogue One: A Star Wars Story11:45Bodhi Rook
33%
Rogue One: A Star Wars Story3:15Grand Moff Tarkin
33%
Rogue One: A Star Wars Story9:00K-2S0
33%
The Clone Wars10:00Rotta the Hutt
33%
A New Hope3:15Owen Lars
31%
Revenge of the Sith4:30Bail Organa
28%
Empire Strikes Back2:15Firmus Piett
28%
Solo: A Star Wars Story4:15Enfys Nest
13%
The Rise of Skywalker5:00Jannah
6%
The Rise of Skywalker4:30Zorii Bliss
6%

Score Distribution

Percentile by Number Answered

Percent of People with Each Score

Your Score History

You have not taken this quiz